000 00659nam a22002297a 4500
005 20170124105911.0
010 _aA-505974
020 _a058203772
035 _aA-505974
037 _bCen Lib/Ret
040 _aDPL
_bEN
082 _a483
_bAYT
100 _aAyto, John
_9105617
245 _aThe longman register of new words /
_cby John Ayto
246 _b
260 _bLongman
_c1989
_aEngland
270 _aLongman House, Burnt Mill, Haelow Esses
_bEngland
300 _a425p.
_c21cm(Hb)
650 _aEnglish Language
_z
_vDictionaries
_9105618
650 _aDictionaries - Dictionary
_9105619
942 _2ddc
_cEN
_h483
_mAYT
999 _c122486
_d122486